000 00937nam0a22002531 4500
001 rc\2725237
005 20250805160813.4
035 _a(NLR Aleph) 006852733
090 _a5806
_c5806
100 _a20110915d1943 u y0rusy50 ca
101 0 _arus
102 _aRU
105 _aa z |||||
200 1 _aАльбом чертежей запасных частей тормозного оборудования товарных и пассажирских вагонов
_fСССР - НКПС, Центр. упр. вагонного хозяйства
210 _aМосква
_aСвердловск
_cМашгиз
_d1943
215 _a[4], 52 с. черт.
_d23х30 см.
300 _aНапеч. в Москве
801 0 _aRU
_bNLR
_gpsbo
801 1 _aRU
_bELAR
_2rusmarc
852 _aNLR
_jТ88 Г-6/13
942 _cBOOK
945 _aРоссийская национальная библиотека
980 _aNB
980 _aBV